000 00308nam a22001217a 4500
008 170614b xxu||||| |||| 00| 0 eng d
041 _aeng
080 _a338
100 _a19
101 _aSHP
245 _aU.S ENVIRONMENT AND ECONOMIC PROBLEMS A PUBLIC POLICY SIMULATION
_cHUHES.B
942 _2udc
_cBK
999 _c17390
_d17390